000
00310nam a22001457a 4500
008
210310b ||||| |||| 00| 0 eng d
020
_a
9780135132401
041
_a
eng
080
_2
2nd
_a
311
082
_2
2nd
_a
311
100
_a
55
101
_a
STA
245
_a
Statistics
_c
Agresti,A
942
_2
udc
_c
BK
999
_c
56113
_d
56113